000 00747nam a2200217Ia 4500
003 GCL
008 140319s9999 xx 000 0 ara d
040 _aGCL /
_cGCL
082 0 4 _aق
_b962.074
_bع ك
100 1 _aعزالدين فراج
245 1 0 _aكفاح شعب مصر من الفراعنة حتى حرب اكتوبر 1973 /
_cعزالدين فراج
300 _a148 ص
490 _aمصر مقبرة الغزاه
_v0
650 0 4 _aالاحوال السياسية
650 0 4 _aالتاريخ
650 0 4 _aحرب اكتوبر 1973
650 0 4 _aمصر - تاريخ - العصر الحديث (1805 - 1956 )
650 0 4 _aمصر - تاريخ - الثورات
650 0 4 _aمصر القديمة - تاريخ
942 _2ddc
_cBK
999 _c50469
_d50469